Basic elements of news editing

Bibliographic Details
Main Author: David, J
Format: Book
Published: New Delhi : Cyber Tech Pub. , 2014
Subjects:

MARC

LEADER 00000cam a2200000 7i4500
001 0000043809
005 20141208.0
008 141208
020 |a 9350531822 
090 0 0 |a 070.41   |b DAV 
100 1 |a David, J 
245 1 0 |a Basic elements of news editing   |c J. David 
260 |a New Delhi :   |b Cyber Tech Pub. ,   |c 2014 
650 0 |a Journalism 
650 0 |a Newspaper 
650 0 |a Newspaper layout and typography 
999 |a 0001324269   |b Book   |c REFERENCE   |e Perbadanan Perpustakaan Awam Johor